🇨🇳 vs. 🇮🇳 vs. 🇮🇱 vs. 🇷🇺 - Statistiken

Allgemein
  • Dieses Quiz wurde 53 mal gespielt
  • Das Durchschnittsergebnis liegt bei 10 aus 18
Antwortstatistiken
Frage Antwort % Korrekt
...Bruttoinlandsprodukt? China🇨🇳
94%
...Fläche? Russland🇷🇺
92%
...Exportmengen? China🇨🇳
90%
...Küstenlänge? Russland🇷🇺
78%
...Einwohner? Indien🇮🇳
76%
...Bruttoinlandsprodukt pro Kopf? Israel🇮🇱
72%
...HDI (Human Development Index)? Israel🇮🇱
70%
...Pressefreiheit? Israel🇮🇱
66%
...Gesundheitswesen? Israel🇮🇱
64%
...Beschäftigungsquote? China🇨🇳
54%
...Lebenserwartung? Israel🇮🇱
54%
...Good Country Index? Israel🇮🇱
48%
...durchschnittlicher IQ? China🇨🇳
46%
...Frieden? China🇨🇳
40%
...Militär? Russland🇷🇺
36%
...Gewinner🏆🥳🥇? Israel🇮🇱
32%
...Happy Planet Index? Indien🇮🇳
28%
...Tourismus? Russland🇷🇺
4%
Keine übereinstimmenden Quizze gefunden
Verteilung der Resultate
Anzahl Personen mit jedem Resultat
Perzentil nach korrekt beantworteten Fragen
Ihre Resultats-Entwicklung
Sie haben dieses Quiz noch nicht gespielt